Central Library OPAC University of Rajshahi

Japan : (Record no. 75251)

MARC details
000 -LEADER
fixed length control field 00720nam a2200241 a 4500
001 - CONTROL NUMBER
control field 75251
003 - CONTROL NUMBER IDENTIFIER
rucl marc code BD-RjUL
005 - DATE AND TIME OF LATEST TRANSACTION
control field 20211209082650.0
008 - FIXED-LENGTH DATA ELEMENTS--GENERAL INFORMATION
fixed length control field 960524m1997 nyua b 001 0 eng d
020 ## - INTERNATIONAL STANDARD BOOK NUMBER
International Standard Book Number 1563249065 (alk paper)
035 ## - SYSTEM CONTROL NUMBER
System control number (BD-RjUL)75469
040 ## - CATALOGING SOURCE
Original cataloging agency QGU
Language of cataloging eng
Modifying agency QGU
Transcribing agency LC
Modifying agency TOC
-- BD-RjUL
041 ## - LANGUAGE CODE
Language code of text/sound track or separate title eng
082 00 - DEWEY DECIMAL CLASSIFICATION NUMBER
Classification number 952
Edition number 23
Author mark and year JAP 1997
245 00 - TITLE STATEMENT
Title Japan :
Remainder of title a documentary history /
Statement of responsibility, etc. Edited by David J. Lu.
260 ## - PUBLICATION, DISTRIBUTION, ETC. (IMPRINT)
Place of publication, distribution, etc. Armonk, NY :
Name of publisher, distributor, etc. M.E. Sharpe,
Date of publication, distribution, etc. c1997.
300 ## - PHYSICAL DESCRIPTION
Pagination xv , 668 p. :
Illustrations ill. ;
Size 23 cm.
490 ## - SERIES STATEMENT
Series statement an east Gate book
504 ## - BIBLIOGRAPHY, ETC. NOTE
Bibliography, etc Includes bibliographical references and index.
651 #0 - SUBJECT ADDED ENTRY--GEOGRAPHIC NAME
Geographic name Japan
General subdivision History.
9 (RLIN) 76889
700 ## - ADDED ENTRY--PERSONAL NAME
Personal name Lu, David J
Dates associated with a name 1928-
942 ## - ADDED ENTRY ELEMENTS (KOHA)
Source of classification or shelving scheme Dewey Decimal Classification
Koha item type Books
Holdings
Lost status Source of classification or shelving scheme Damaged status Not for loan Collection code Permanent Location Current Location Shelving location Date acquired Source of acquisition Total Checkouts Full call number Date last seen Copy number Koha item type
  Dewey Decimal Classification   Not For Loan Non-fiction Central Library, University of Rajshahi Central Library, University of Rajshahi Reading Room 12/02/2002 Japan foundation   952 JAP 1997 07/02/2019 C-1 Books